00628nam a2200181 a 450000100100000000500170001000800410002704000250006808200160009311000590010924500220016826000530019030000350024350400280027804900090030695201140031599900170042900002225120200930011642.0090921s1971 dr ac 001 0 spa d aDO-SdBNPbspacBNPHU axxxxbR426p1 aRepública Dominicana.bJunta Central Electora92347810aProyecciones 24/. aSanto Domingo :bJunta Central Electoral,c1971. a195 p. :bil., retrs ;c19 cm. abibliografía : p. 192 aBNPD 0010718PDaPDbPDcCTd2010-09-21iLF1l0oxxxx R426pp22251-10r2020-06-25w2020-06-25yLFPDZNo se presta c21749d21749